The world since 1954 (A history of international relations)

Αποθηκεύτηκε σε:
Λεπτομέρειες βιβλιογραφικής εγγραφής
Μορφή: Βιβλίο
Έκδοση: 2000
Ετικέτες: Προσθήκη ετικέτας
Δεν υπάρχουν, Καταχωρήστε ετικέτα πρώτοι!
Thư viện lưu trữ: Mạng thư viện Đại học Đà Nẵng
LEADER 00468nam a22001811a 4500
001 000037848
003 14143
005 20160412021151.0
008 160412s2000 000
082 |a 4A(07)1305 
245 |a The world since 1954 (A history of international relations)  |c Lynne Rienner 
260 |c 2000 
OWN |a LNN 
999 |a From the UDN01 
TYP |a Monograph 
980 |a Mạng thư viện Đại học Đà Nẵng